Peeässän kaupat - Statistics

Yleistilastot
  • Tätä visaa on pelattu 21 kertaa
  • Keskiarvotulos 16 / 46
Vastaustilastot
Vastaus % Oikein
Prisma Kuopio
94%
S-market Kuopio
94%
Prisma Iisalmi
88%
S-market Iisalmi
88%
Prisma Varkaus
75%
S-market Lapinlahti
63%
S-market Nilsiä
63%
S-market Karttula
50%
S-market Petonen
50%
S-market Siilinjärvi
50%
Sale Jynkkä
44%
S-market Tuusniemi
44%
S-market Juankoski
38%
S-market Kaavi
38%
Sale Päiväranta
38%
Sale Riistavesi
38%
Sale Tervo
38%
Sale Vehmersalmi
38%
S-market Keilankanta
31%
S-market Keitele
31%
S-market Kiuruvesi
31%
S-market Leppävirta
31%
Sale Neulamäki
31%
S-market Rautalampi
31%
S-market Varpaisjärvi
31%
S-market Vieremä
31%
S-market Maaninka
25%
Sale Niirala
25%
S-market Pielavesi
25%
S-market Puijonlaakso
25%
Sale Satama
25%
S-market Ykkösrasti
25%
S-market Heinävesi
19%
Sale Linnanpelto
19%
Sale Saarijärvi
19%
S-market Sonkajärvi
19%
Sale Tahkovuori
19%
Sale Kelloniemi
13%
S-market Kommila
13%
S-market Pitkälahti
13%
Sale Kangaslampi
6%
S-market Maljalahti
6%
Sale Päiviönsaari
6%
Sale Särkiniemi
6%
S-market Vuorela
6%
S-market Pyhäsalmi
0%
Ehtoja vastaavia visoja ei löytynyt
Tulosjakauma
Jokaisen tuloksen saaneiden osuus
Persentiili vastausten määrän mukaan
Tuloshistoriasi
Et ole pelannut tätä visaa